000 00543nam a2200217Ia 4500
003 OSt
005 20220928150042.0
006 a|||||r|||| 00| 0
007 ta
008 220927b |||||||| |||| 00| 0 eng d
024 _a86896
037 _cTextual
040 _aSDCL
_cSDCL
_beng
041 _2eng
_aeng
082 _aO-,3M902,1, K2
100 _aPorter Katherine Anne
_9515065
245 0 _aShip of fools
260 _c1962
942 _hO-,3M902,1, K2
_cTEXL
_2CC
999 _c838922
_d838922